| 000 | 00781nam a2200217 a 4500 | ||
|---|---|---|---|
| 001 | BRCA_6058 | ||
| 005 | 20190320205321.0 | ||
| 008 | 120608s1995----mx-a---###---#000-0#spa-# | ||
| 050 | 4 |
_aNK4565 _b.D67 1995 |
|
| 100 | 1 |
_aDopazo Durán, Rosa _915290 |
|
| 245 | 1 | 0 | _aCatálogo comentado sobre la porcelana de Compañia de Indias en el Museo Franz Mayer. |
| 260 |
_aCiudad de México _c1995 |
||
| 300 |
_a122 p. _bil. |
||
| 502 | _aTesis Licenciatura (Licenciada en Historia del Arte) Universidad Iberoamericana | ||
| 610 | 2 | 4 |
_aMuseo Franz Mayer (Ciudad de México) _xColecciones de cerámica _915291 |
| 650 | 1 | 4 |
_aPorcelana china _91313 |
| 650 | 1 | 4 |
_aCompañías de Indias Orientales _915292 |
| 651 | 4 |
_aNueva España _xComercio _zChina _915293 |
|
| 902 | _aTES | ||
| 942 |
_2lcc _cTES |
||
| 999 |
_c5745 _d5745 |
||